Managerial Computing (Record no. 56514)
[ view plain ]
| 000 -LEADER | |
|---|---|
| fixed length control field | 00449nam a2200181Ia 4500 |
| 008 - FIXED-LENGTH DATA ELEMENTS--GENERAL INFORMATION | |
| fixed length control field | 230524s9999 xx 000 0 und d |
| 020 ## - INTERNATIONAL STANDARD BOOK NUMBER | |
| ISBN | 9788182811614 |
| 082 ## - DEWEY DECIMAL CLASSIFICATION NUMBER | |
| Classification number | 658.4038 |
| Item number | LAH |
| 100 ## - MAIN ENTRY--AUTHOR NAME | |
| Personal name | Jasobanta Laha |
| 245 #0 - TITLE STATEMENT | |
| Title | Managerial Computing |
| 250 ## - EDITION STATEMENT | |
| Edition statement | 1 |
| 260 ## - PUBLICATION, DISTRIBUTION, ETC. (IMPRINT) | |
| Place of publication | New Delhi |
| Name of publisher | Vrinda Publi. |
| Year of publication | 2009 |
| 300 ## - PHYSICAL DESCRIPTION | |
| Number of Pages | 339p; |
| 500 ## - GENERAL NOTE | |
| General note | Quantity Number: 1 |
| 650 ## - SUBJECT ADDED ENTRY--TOPICAL TERM | |
| Topical Term | Comp-Sc |
| 700 ## - ADDED ENTRY--PERSONAL NAME | |
| Personal name | Manoranjan Dash |
| 942 ## - ADDED ENTRY ELEMENTS (KOHA) | |
| Koha item type | Books |
| Lost status | Damaged status | Permanent Location | Current Location | Shelving location | Date acquired | Full call number | Accession Number | Koha item type |
|---|---|---|---|---|---|---|---|---|
| Central Library, Trident Academy of Technology | Central Library, Trident Academy of Technology | General Stacks | 05/24/2023 | 658.4038 LAH | 53939 | Books |
